[Event "EU-Cup 34th"]
[Site "Porto Carras"]
[Date "2018.10.17"]
[Round "6.5"]
[White "McMillan, Charles Stuart"]
[Black "Martinez Otero, Daniel"]
[Result "1-0"]
[WhiteElo "2070"]
[BlackElo "1915"]
[PlyCount "53"]
[EventDate "2018.10.12"]
[EventType "team-swiss"]
[EventRounds "7"]
[EventCountry "GRE"]
[SourceTitle "CBM 187"]
[Source "ChessBase"]
[SourceDate "2018.12.11"]
[SourceVersion "1"]
[SourceVersionDate "2018.12.11"]
[SourceQuality "1"]
[WhiteTeam "White Rose"]
[BlackTeam "Dublin"]
[WhiteTeamCountry "ENG"]
[BlackTeamCountry "IRL"]

1. e4 e5 2. Nf3 d6 3. d4 exd4 4. Nxd4 Nf6 5. Nc3 Be7 6. g3 0-0 7. Bg2 c6 8. a4 a5 9. 0-0 Na6 10. h3 Nb4 11. Kh2 Re8 12. f4 d5 13. e5 Nd7 14. Nce2 Bc5 15. c3 Na6 16. Be3 Nf8 17. Qd2 Qc7 18. Rae1 Bxd4 19. cxd4 f5 20. exf6 g6 21. g4 Nb4 22. Ng3 Qf7 23. f5 gxf5 24. gxf5 Nd7 25. Bh6 Nxf6 26. Qg5+ Kh8 27. Qxf6+ 1-0

[Event "EU-Cup 34th"]
[Site "Porto Carras"]
[Date "2018.10.13"]
[Round "2.5"]
[White "Guidoreni, Jean"]
[Black "McMillan, Charles Stuart"]
[Result "1/2-1/2"]
[WhiteElo "1862"]
[BlackElo "2070"]
[PlyCount "141"]
[EventDate "2018.10.12"]
[EventType "team-swiss"]
[EventRounds "7"]
[EventCountry "GRE"]
[SourceTitle "CBM 187"]
[Source "ChessBase"]
[SourceDate "2018.12.11"]
[SourceVersion "1"]
[SourceVersionDate "2018.12.11"]
[SourceQuality "1"]
[WhiteTeam "Dudelange"]
[BlackTeam "White Rose"]
[WhiteTeamCountry "LUX"]
[BlackTeamCountry "ENG"]

1. e4 c5 2. Nf3 d6 3. d4 cxd4 4. Nxd4 Nf6 5. Nc3 a6 6. a4 e6 7. Be2 Be7 8. 0-0 0-0 9. Be3 Nc6 10. Nb3 b6 11. f4 Bb7 12. Bf3 Qc7 13. Qe2 Rfe8 14. Rac1 Bf8 15. Nd1 Rac8 16. c3 Na5 17. Nxa5 bxa5 18. Qc2 Bc6 19. Re1 Qb7 20. Bf2 Rb8 21. Ra1 d5 22. e5 Ne4 23. Bxe4 dxe4 24. Bd4 Rec8 25. Re2 Qd7 26. Nf2 Ba8 27. Rd1 Bd5 28. Ra1 Qb7 29. Nd1 h6 30. Ne3 Bb3 31. Qb1 Qc6 32. Ng4 Bd5 33. Ne3 Bb3 34. Ng4 Bxa4 35. Nf2 Bb5 36. Rxe4 a4 37. Re3 Bc4 38. Rg3 Kh8 39. h3 a3 40. b4 a2 41. Rxa2 Bxa2 42. Qxa2 Qc4 43. Qd2 Rd8 44. Rd3 Kg8 45. Ng4 Rd7 46. Qe2 Kh8 47. Ne3 Qc6 48. Ng4 Rbd8 49. Qb2 Qe4 50. Nf2 Qxf4 51. Rf3 Qg5 52. Qa3 Qg6 53. Nd3 Ra8 54. Qa4 Rdd8 55. Kh2 Qe4 56. Qa5 Rd7 57. Re3 Qd5 58. Qa4 Qb5 59. Qc2 Rc8 60. Qa2 Qc4 61. Qf2 Kg8 62. Rg3 Rcd8 63. Nc5 Bxc5 64. Bxc5 Rd3 65. Rg4 Qxc3 66. Qf6 g6 67. Rxg6+ fxg6 68. Qxg6+ Kh8 69. Qxh6+ Kg8 70. Qxe6+ Kh8 71. Be7 1/2-1/2